Tư liệu dạy và học địa lí 11 (Chương trình chuẩn và nâng cao) Sách dùng cho giáo viên và học sinh

Cuốn tư liệu dạy và học Địa lí 11 nhằm góp phần nâng cao chất lượng dạy và học địa lí lớp 11 ở trường trung học phổ thông. Nội dung của sách gồm: Khái quát nền kinh tế xã hội thế giới, địa lí khu vực và quốc gia, số liệu thống kê....

Disgrifiad llawn

Wedi'i Gadw mewn:
Manylion Llyfryddiaeth
Fformat: Llyfr
Iaith:Undetermined
Cyhoeddwyd: Hà Nội Nhà xuất bản Hà Nội 2007
Pynciau:
Tagiau: Ychwanegu Tag
Dim Tagiau, Byddwch y cyntaf i dagio'r cofnod hwn!
Thư viện lưu trữ: Trung tâm Học liệu Trường Đại học Cần Thơ
LEADER 01045nam a2200193Ia 4500
001 CTU_156547
008 210402s9999 xx 000 0 und d
082 |a 910.7 
082 |b T550 
245 0 |a Tư liệu dạy và học địa lí 11 
245 0 |b (Chương trình chuẩn và nâng cao) Sách dùng cho giáo viên và học sinh 
245 0 |c Phạm Thị Sen ( sưu tầm và tuyển chọn ) ... [ et al ] 
260 |a Hà Nội 
260 |b Nhà xuất bản Hà Nội 
260 |c 2007 
520 |a Cuốn tư liệu dạy và học Địa lí 11 nhằm góp phần nâng cao chất lượng dạy và học địa lí lớp 11 ở trường trung học phổ thông. Nội dung của sách gồm: Khái quát nền kinh tế xã hội thế giới, địa lí khu vực và quốc gia, số liệu thống kê. 
650 |a Geography,Địa lí 
904 |i Mỹ Xuyên 
980 |a Trung tâm Học liệu Trường Đại học Cần Thơ